000 00329nam a2200121Ia 4500
005 20251222154417.0
008 251222s9999||||xx |||||||||||||| ||spa||
020 _a978-9972-38-872-9
082 _a001.420.6/E92
100 _a"Esteban, Efraín E."
245 0 _aMetodologéa de la investigación económica y social
942 _cLIB
999 _c35897
_d35897